书目信息 |
| 题名: |
研究报告撰写指导
|
|
| 作者: | 张建 编著 | |
| 分册: | ||
| 出版信息: | 北京 教育科学出版社 2003 |
|
| 页数: | 226页 | |
| 开本: | 21cm | |
| 丛书名: | 中小学教育科研指导丛书 | |
| 单 册: | ||
| 中图分类: | H152.3 , H152.2 | |
| 科图分类: | ||
| 主题词: | 教育科学 , 写作 , 教育科学--研究报告--写作--中小学 | |
| 电子资源: | ||
| ISBN: | 7-5041-2469-9 | |
| 000 | 01069nam0 2200313 450 | |
| 000 | 01060nam0 2200301 450 | |
| 000 | 00991nam0 2200277 450 | |
| 000 | 00955nam0 2200265 45 | |
| 005 | 20070727162507.02 | |
| 010 | @a7-5041-2469-9@dCNY13.00 | |
| 100 | @a20070703d2003 em y0chiy0120 ea | |
| 101 | 0 | @achi |
| 102 | @aCN@b110000 | |
| 105 | @ay z 000yy | |
| 200 | 1 | @a研究报告撰写指导@AYan Jiu Bao Gao Zhuan Xie Zhi Dao@f张建编著@FZhang Jian Bian Zhu |
| 210 | @a北京@c教育科学出版社@d2003 | |
| 215 | @a226页@d21cm | |
| 225 | 2 | @a中小学教育科研指导丛书 |
| 300 | @a教育部人文社会科学重点研究基地华东师范大学基础教育改革与发展研究所研究成果 | |
| 330 | @a该书通过大量实例,介绍了研究报告的基本结构,各类报告的撰写特点与要求,以及报告的修改与发表等内容。 | |
| 410 | 0 | @12001 @a中小学教育科研指导丛书 |
| 606 | 0 | @a教育科学 |
| 606 | 0 | @a写作 |
| 606 | 0 | @a教育科学@x研究报告@x写作@x中小学 |
| 690 | @aH152.3@v4 | |
| 690 | @aH152.2@v3 | |
| 701 | 0 | @a张建@AZhang Jian@c(教育学博士)@4编著 |
| 801 | 0 | @aCN@bTAOJIN@c20070727 |
| 905 | @a10447@dH152.2@e424 | |
| 研究报告撰写指导/张建编著.-北京:教育科学出版社,2003 |
| 226页;21cm.-(中小学教育科研指导丛书 ) |
| 教育部人文社会科学重点研究基地华东师范大学基础教育改革与发展研究所研究成果 |
| ISBN 7-5041-2469-9:CNY13.00 |
| 该书通过大量实例,介绍了研究报告的基本结构,各类报告的撰写特点与要求,以及报告的修改与发表等内容。 |
| ● |
| 相关链接 |
|
|
|
|
正题名:研究报告撰写指导
索取号:H152.2/424
 
预约/预借
| 序号 | 登录号 | 条形码 | 馆藏地/架位号 | 状态 | 备注 |
| 1 | 0821771 | 208217712 | 第二样本阅览室/ [索取号:H152.2/424] | 在馆 | |
| 2 | 0821772 | 208217721 | 第四借阅区/ [索取号:H152.2/424] | 在馆 | |
| 3 | 0821773 | 208217730 | 第四借阅区/ [索取号:H152.2/424] | 在馆 | |
| 4 | 0821774 | 208217749 | 第四借阅区/ [索取号:H152.2/424] | 在馆 | |
| 5 | 0821775 | 208217758 | 第四借阅区/ [索取号:H152.2/424] | 在馆 |